000 00314pam a2200133 a 4500
020 _c
041 _h
082 _a658.155
_bVAS
100 _aVASWANI T.A.,
245 _aBANKER AND THE BALANCE SHEET
_hTextual Documents
260 _aBOMBAY
_bLALVANI PUBLISHING HOUSE
_c1967
300 _aXVI+247
930 _a7410
999 _c126873
_d126873